=LDR 00000nam 2200000 4500 =001 INLIS000000000026505 =005 20130612124937 =008 ***********************************ind** =035 ##$$0010-061300000026505 =041 ##$$a ind =082 ##$$a 621.462 =090 ##$$a 621.462, WIL m =100 ##$$a Wilkinson, Karl =245 ##$$a Menggulung ulang motor kecil, Karl Wilkinson; alih bahasa, Amrin Mahmud Siregar =260 ##$$a 1988 $b Jakarta =300 ##$$a vi, 124 hlm., ilus., 21 cm =650 ##$$a Teknik Mesin =650 ##$$a Motor =850 ##$$a NBPNMAT